书目信息 |
| 题名: |
青年卫生问答
|
|
| 作者: | ;《青年卫生问答》编写组 编 | |
| 分册: | ||
| 出版信息: | 沈阳 辽宁人民出版社 1981 |
|
| 页数: | 160页 | |
| 开本: | 19cm | |
| 丛书名: | ||
| 单 册: | ||
| 中图分类: | R161.5 | |
| 科图分类: | ||
| 主题词: | 个人卫生 | |
| 电子资源: | ||
| ISBN: | ||
| 000 | 00558nam0 2200193 45 | |
| 001 | 0181013002 | |
| 005 | 20060526101014.84 | |
| 010 | @dCNY0.39 | |
| 091 | @a14090.41 | |
| 100 | @a20810111d1981 km y0chiy0120 ea | |
| 101 | 0 | @achi |
| 200 | 1 | @a青年卫生问答@Aqing nian wei sheng wen da@f《青年卫生问答》编写组编@F《Qing Nian Wei Sheng Wen Da》Bian Xie Zu Bian |
| 210 | @a沈阳@c辽宁人民出版社@d1981 | |
| 215 | @a160页@d19cm | |
| 606 | 0 | @a个人卫生 |
| 690 | @aR161.5@v3 | |
| 711 | 02 | @a《青年卫生问答》编写组@4编 |
| 801 | @aCN@bTSTC@c20060526 | |
| 905 | @dR161.5@e8 | |
| 青年卫生问答/《青年卫生问答》编写组编.-沈阳:辽宁人民出版社,1981 |
| 160页;19cm |
| ISBN :CNY0.39 |
| ● |
| 相关链接 |
|
|
|
|
正题名:青年卫生问答
索取号:R161.5/8
 
预约/预借
| 序号 | 登录号 | 条形码 | 馆藏地/架位号 | 状态 | 备注 |
| 1 | 0039825 | 000707426 | 第二样本阅览室/ [索取号:R161.5/8] | 在馆 | |
| 2 | 0039826 | 202216574 | 密集书库/ [索取号:R161.5/8] | 在馆 | |
| 3 | 0039827 | 202386836 | 密集书库/ [索取号:R161.5/8] | 在馆 | |
| 4 | 0228756 | 001845310 | 密集书库/ [索取号:R161.5/8] | 在馆 |